Serendipitous discoveries in radio astronomy (Record no. 8081)

MARC details
000 -LEADER
fixed length control field 00591nam a2200181Ia 4500
003 - CONTROL NUMBER IDENTIFIER
control field IN-BaIIA
008 - FIXED-LENGTH DATA ELEMENTS--GENERAL INFORMATION
fixed length control field 211028s9999 xx 000 0 eng d
040 ## - CATALOGING SOURCE
Transcribing agency IIA Library
080 ## - UNIVERSAL DECIMAL CLASSIFICATION NUMBER
Universal Decimal Classification number 52-77
Item number KEL
100 ## - MAIN ENTRY--PERSONAL NAME
Personal name Kellermann, K.
9 (RLIN) 13637
245 #0 - TITLE STATEMENT
Title Serendipitous discoveries in radio astronomy
Statement of responsibility, etc. K. Kellermann
260 ## - PUBLICATION, DISTRIBUTION, ETC.
Place of publication, distribution, etc. Green Bank
Name of publisher, distributor, etc. National Radio Astronomy Observatory
Date of publication, distribution, etc. 1983
300 ## - PHYSICAL DESCRIPTION
Extent viii, 321p.
650 ## - SUBJECT ADDED ENTRY--TOPICAL TERM
Topical term or geographic name entry element Astronomy and Astrophysics Thesaurus
650 ## - SUBJECT ADDED ENTRY--TOPICAL TERM
Topical term or geographic name entry element Radar Astronomy
9 (RLIN) 2936
650 ## - SUBJECT ADDED ENTRY--TOPICAL TERM
Topical term or geographic name entry element Radio Astronomy
9 (RLIN) 2849
942 ## - ADDED ENTRY ELEMENTS (KOHA)
Koha item type Books
Holdings
Withdrawn status Lost status Damaged status Not for loan Home library Current library Shelving location Date acquired Total Checkouts Full call number Barcode Date last seen Price effective from Koha item type
        IIA Library-Bangalore IIA Library-Bangalore General Stacks 07/02/1985   52-77/ KEL 8916 05/11/2021 07/02/1985 Books

Powered by Koha